| 000 | 01705cam a22004334i 4500 | ||
|---|---|---|---|
| 003 | PE-LiUPU | ||
| 005 | 20250731184543.0 | ||
| 008 | 150623s r 000 0 d | ||
| 035 | _a(Sirsi) a26427 | ||
| 040 |
_aPE-LiUPU _bspa _cPE-LiUPU _erda |
||
| 082 | 0 | 4 |
_a968 _bC71 _221 |
| 100 | 1 |
_aCole, Ernest, _d1940-, _eautor. |
|
| 245 | 1 | 0 |
_aHouse of bondage / _cby Ernest Cole with Thomas Flaherty. Introd. by Joseph Lelyveld. |
| 264 | 1 |
_aNew York, NY : _bRandom House, _c[1967]. |
|
| 300 |
_a187 páginas : _bilustraciones fotos ; _c30 cm. |
||
| 336 |
_atext _2rdacontent |
||
| 337 |
_aunmediated _2rdamedia |
||
| 338 |
_avolume _2rdacarrier |
||
| 505 | 0 | _aThe quality of repression. The mines. Police and passes. Black spots. Nightmare rides. The cheap servant. For whites only. Below subsistence. Education for servitude. Hospital care. Heirs of poverty. Shebeens and bantu beer. The consolation of religión. African middle class. Banishment. | |
| 526 | _aP136 | ||
| 526 | _aP135 | ||
| 526 | _aP134 | ||
| 526 | _aP133 | ||
| 526 | _aP144 | ||
| 526 | _aP143 | ||
| 526 | _aP87 | ||
| 526 | _aP35 | ||
| 526 | _aP20 | ||
| 526 | _aP14 | ||
| 526 | _aP10 | ||
| 526 | _aP06 | ||
| 651 |
_aSudáfrica _xRelaciones raciales. |
||
| 700 | 1 |
_aFlaherty, Thomas, _d1929-, _eautor. |
|
| 942 |
_2ddc _cBOOK |
||
| 949 |
_a968 C71 _wDEWEY _c1 _i51703 _lCCODEBUL1 _mBUL _p15.00 _r0 _sY _tBOOK _u2015-06-24 _xTEOLOGIA _PP35 _0COMPRA _o.STAFF. Colección General |
||
| 596 | _a1 | ||
| 999 |
_a968 C71 _wDEWEY _c33457 _i51703 _f2021-11-12 _g5 _lCCODEBUL1 _mBUL _p15.00 _r0 _sY _tBOOK _u2015-6-24 _xTEOLOGIA _PP35 _0COMPRA _o.STAFF. Colección General _d33457 |
||
| 980 |
_81 _gALBERTO SANCHEZ Responsable de Automatización |
||